[Event "Goldmoney Asian Rapid Prelims 2021"]
[Site "Chess24"]
[Date "2021.06.24"]
[Round "10.1"]
[White "Aronian, Levon"]
[Black "Duda, Jan-Krzysztof"]
[Result "1/2-1/2"]
[WhiteElo "2781"]
[BlackElo "2729"]
[Annotator "TA"]
[PlyCount "73"]
[EventDate "2021.06.26"]
[EventType "tourn"]
[EventCountry "NET"]
[Tiebreak "Koya+Number of black wins+Number of wins"]
[SourceTitle "playchess.com"]
[Source "ChessBase"]
[SourceQuality "1"]

{[%evp 18,73,33,32,36,16,38,39,27,18,16,16,10,11,22,0,0,0,0,0,0,0,0,0,0,0,0,0,
0,0,0,5,5,0,0,0,0,0,2,0,0,0,0,0,0,0,0,0,0,0,0,0,0,0,0,0,0,0]} 1. d4 d5 2. c4 c6
3. cxd5 cxd5 4. Bf4 Nc6 5. e3 Nf6 6. Nc3 a6 7. Bd3 Bg4 8. Nge2 e6 9. O-O Be7
10. Rc1 O-O {D10: Slav Defence: 3 cxd5 (without early Nf3) and 3 Nc3.} 11. Na4
Nd7 12. a3 Rc8 {White is slightly better.} 13. Rc3 {[#]} b5 $146 {[#]The
position is equal.} ({Predecessor:} 13... Na5 14. f3 Bh5 15. Qc2 Rxc3 16. Qxc3
Nc4 17. b3 Nxa3 18. Rc1 Nb5 19. Qd2 Bg6 {1-0 (43) Grishchenko,S (2442)-Fargere,
F (2424) Minsk 2015}) 14. Qc2 $1 Bxe2 15. Bxe2 Na5 {[#]} 16. Rc1 $1 {[%cal
Rc3c8]} Nc4 17. b3 Bxa3 18. bxc4 {[%mdl 64] Discovered Attack} Bxc1 19. cxb5
axb5 20. Bxb5 {aiming for Bc7.} Ba3 21. Bc7 $1 {[%cal Rc7d8]} ({Don't blunder} 
21. Rxc8 $2 Qxc8 22. Qd3 {[#]} Qb7 $1 $19) 21... Rxc7 22. Rxc7 Nf6 23. g3 Bd6
24. Rc6 Qb8 25. Rb6 (25. Bd3 {keeps more tension.} g6 26. Nc3 Qb4 27. Nb5 Qe1+
28. Kg2) 25... Qc7 26. Qxc7 Bxc7 27. Rc6 Ba5 28. Nc5 g6 29. Ba6 Rb8 30. Rc8+
Rxc8 31. Bxc8 $11 {[%mdl 4096] Endgame KBN-KBN} Kf8 32. Nd7+ Nxd7 33. Bxd7 Ke7
34. Bb5 Kf8 35. Bd7 Ke7 36. Bb5 Kf8 37. Bd7 {Weighted Error Value: White=0.02/
Black=0.01} 1/2-1/2

[Event "Goldmoney Asian Rapid Prelims 2021"]
[Site "Chess24"]
[Date "2021.06.24"]
[Round "10.2"]
[White "Dubov, Daniil"]
[Black "Giri, Anish"]
[Result "0-1"]
[WhiteElo "2714"]
[BlackElo "2780"]
[Annotator "TA"]
[PlyCount "62"]
[EventDate "2021.06.26"]
[EventType "tourn"]
[EventCountry "NET"]
[Tiebreak "Koya+Number of black wins+Number of wins"]
[SourceTitle "playchess.com"]
[Source "ChessBase"]
[SourceQuality "1"]

{[%evp 12,62,6,-16,-18,-16,-11,-13,-7,0,0,-16,-14,-79,-89,-92,-76,-78,-75,-77,
-75,-82,-91,-122,-121,-154,0,0,0,0,0,0,0,0,0,0,22,20,20,26,22,22,69,0,0,0,0,0,
0,-95,-88,-1388,-1340]} 1. f4 d5 2. Nf3 Nf6 3. g3 g6 4. Bg2 Bg7 5. O-O O-O 6.
d3 b6 7. c4 Bb7 {A03: Bird's Opening with 1...d5.} 8. Ne5 e6 9. Nc3 c5 {
The position is equal.} 10. e4 dxe4 11. dxe4 Nfd7 {[#]} 12. Nf3 $146 (12. Ng4
$11) ({Predecessor:} 12. Nxd7 Bd4+ 13. Kh1 Qxd7 14. Nb5 Nc6 15. e5 Na5 16. Nxd4
Bxg2+ 17. Kxg2 cxd4 18. b3 {1/2-1/2 (80) Gonzalez Acosta,B (2411)-Sieiro
Gonzalez,L (2402) Antiguo 1999}) 12... Bxc3 $17 13. bxc3 Bxe4 14. Qe2 Nf6 15.
Ne5 Bxg2 16. Qxg2 Nbd7 17. Nc6 Qc7 18. f5 Ne5 $2 ({Not} 18... gxf5 19. Bf4 $16)
({Better is} 18... Rae8 $17 {Threatens to win with ...Kg7.} 19. Bh6 exf5) 19.
Nxe5 $1 $11 Qxe5 {[%mdl 64] [#] Double Attack} 20. fxg6 hxg6 21. Bh6 Qxc3 22.
Rad1 Ng4 23. Rf3 Qe5 ({Don't go for} 23... Qxc4 $2 24. Bxf8 e5 {[#]} 25. h3 $1
$18) (23... Qh8 {seems wilder.} 24. Bxf8 Rxf8 25. Ra3 Ne5 26. Rxa7 Qh5) 24.
Bxf8 Rxf8 25. h3 Nf6 26. g4 g5 27. Kh1 ({White should play} 27. Qg3 $14 Qxg3+
28. Rxg3) 27... Kg7 28. Rdf1 Ne8 29. Qd2 {Strongly threatening Re1.} Nd6 30. h4
(30. Qd3 $11 {keeps the balance.}) 30... Ne4 31. Qe2 {[%mdl 8192]} (31. Qe1 $17
) 31... Ng3+ {[%mdl 64] Discovered Attack.  Weighted Error Value: White=0.43/
Black=0.11} 0-1

[Event "Goldmoney Asian Rapid Prelims 2021"]
[Site "Chess24"]
[Date "2021.06.24"]
[Round "10.3"]
[White "Artemiev, Vladislav"]
[Black "Carlsen, Magnus"]
[Result "1/2-1/2"]
[WhiteElo "2704"]
[BlackElo "2847"]
[Annotator "TA"]
[PlyCount "74"]
[EventDate "2021.06.26"]
[EventType "tourn"]
[EventCountry "NET"]
[Tiebreak "Koya+Number of black wins+Number of wins"]
[SourceTitle "playchess.com"]
[Source "ChessBase"]
[SourceQuality "1"]

{[%evp 10,74,0,2,22,18,23,12,23,14,10,20,14,20,20,23,21,22,12,12,16,0,0,0,4,0,
0,0,0,0,0,0,0,0,0,0,0,0,0,0,0,0,0,0,0,0,0,0,0,0,0,0,0,0,0,0,0,0,0,0,0,0,0,0,0,
0,0]} 1. c4 Nf6 2. Nc3 e5 3. Nf3 Nc6 4. g3 d5 5. cxd5 Nxd5 6. Bg2 Bc5 {[#] A29:
English Opening: Four Knights Variation with 4 g3.} 7. Nxe5 $1 {Hoping for Qa4.
} Nxc3 8. Bxc6+ bxc6 9. bxc3 Qd5 {[%cal Rd5h1]} 10. Nf3 Bh3 11. Qb3 Bg2 12.
Qxd5 cxd5 13. Rg1 {The position is equal.} Bxf3 14. exf3 d4 $1 {[#]} 15. cxd4
$146 ({Predecessor:} 15. Rb1 O-O-O 16. Rb5 Rhe8+ 17. Kd1 Bb6 18. cxd4 Bxd4 19.
Rf1 Re6 20. Bb2 Ra6 21. Bxd4 Rxd4 {1/2-1/2 (31) Ding,L (2811)-Radjabov,T (2758)
Khanty Mansiysk 2019}) 15... Bxd4 16. Rb1 O-O-O 17. Bb2 Rhe8+ 18. Kf1 Re6 {
[#] aiming for ...Rb6.} 19. Bxd4 Rxd4 $11 {[%mdl 4096] Endgame KRR-KRR} 20. Rb2
Rc4 21. Kg2 Rb6 $1 {[%cal Rb6b2]} 22. Rgb1 Ra4 23. f4 Kb7 24. Rxb6+ axb6 {KR-KR
} 25. Rb2 $1 c5 26. Kf3 Kc6 27. d3 b5 28. Ke3 f5 29. Kd2 b4 30. Rc2 Kd5 31. Ke3
Ra6 32. h4 h5 33. Kd2 g6 34. Ke3 Re6+ 35. Kd2 $1 Ra6 36. Ke3 Re6+ 37. Kd2 $1
Ra6 {Not much happened in this game.  Weighted Error Value: White=0.01/Black=0.
01} 1/2-1/2

[Event "Goldmoney Asian Rapid Prelims 2021"]
[Site "Chess24"]
[Date "2021.06.24"]
[Round "10.4"]
[White "Adhiban, B.."]
[Black "Salem, A.R. Saleh"]
[Result "1-0"]
[WhiteElo "2660"]
[BlackElo "2682"]
[Annotator "TA"]
[PlyCount "73"]
[EventDate "2021.06.26"]
[EventType "tourn"]
[EventCountry "NET"]
[Tiebreak "Koya+Number of black wins+Number of wins"]
[SourceTitle "playchess.com"]
[Source "ChessBase"]
[SourceQuality "1"]

{[%evp 18,73,33,31,30,0,31,26,35,35,21,10,35,20,22,14,27,0,0,0,0,0,27,18,10,11,
19,13,12,0,0,0,12,0,0,0,4,19,15,4,4,4,8,17,170,146,296,289,350,334,338,327,323,
310,330,330,338,332]} 1. b3 d5 2. Bb2 c5 3. e3 Nf6 4. Nf3 e6 5. c4 Nc6 6. cxd5
exd5 7. d4 cxd4 8. Nxd4 Bd6 9. Be2 O-O 10. O-O Re8 {A13: English Opening: 1...
e6.} 11. Nd2 {[%cal Bb1d2,Bd2f3,Bf3d4][%mdl 32]} Nxd4 12. Bxd4 Bf5 {White has
an edge.} 13. Nf3 Ne4 14. Bb2 Re6 {[#]} 15. g3 $146 ({Predecessor:} 15. Rc1 Rg6
16. Kh1 Be6 17. Qd4 Rg4 18. Qd1 Rg6 19. Qd4 Rg4 20. Qd1 {1/2-1/2 (20) Elfert,A
(2140)-Gligoric,S (2480) Montreal 1998}) 15... Bh3 16. Re1 Bc5 {[#] ...Nxf2!
is the strong threat.} 17. Nd4 Qf6 18. Bf3 $1 Ree8 19. Rc1 Bb6 20. Qe2 Rac8 21.
Bg2 Bxg2 22. Kxg2 h5 23. Qf3 {Hoping for Nf5.} Bxd4 24. Bxd4 $40 {[%mdl 128]
White has some attack.} Qg6 25. h4 ({Reject} 25. Bxa7 Ra8 $15) 25... a5 26. Qe2
Rc6 27. Rxc6 bxc6 28. Rc1 Re6 $1 29. Qe1 Qf5 {next ...c5! is good for Black.}
30. f3 Nf6 {[#]} (30... Nd6 $1 $11 {and Black stays safe.}) 31. Qxa5 $18 Kh7 {
Loses the game.} (31... Qd3 $16) 32. Qc3 {White has a decisive advantage.} Kg8
33. Qc2 Qxc2+ 34. Rxc2 Nd7 35. b4 f6 36. a4 {[%cal Ba2a4,Ba4a5][%mdl 32]} Kf8
37. a5 {Weighted Error Value: White=0.04/Black=0.18} 1-0

[Event "Goldmoney Asian Rapid Prelims 2021"]
[Site "Chess24"]
[Date "2021.06.24"]
[Round "10.5"]
[White "Ding, Liren"]
[Black "Svidler, Peter"]
[Result "1-0"]
[WhiteElo "2799"]
[BlackElo "2714"]
[Annotator "TA"]
[PlyCount "81"]
[EventDate "2021.06.26"]
[EventType "tourn"]
[EventCountry "NET"]
[Tiebreak "Koya+Number of black wins+Number of wins"]
[SourceTitle "playchess.com"]
[Source "ChessBase"]
[SourceQuality "1"]

{[%evp 18,81,10,17,11,40,29,0,23,12,29,0,-22,-2,-24,-47,63,63,69,75,72,64,70,
68,61,66,71,39,45,46,36,41,62,44,42,38,39,29,22,33,20,26,194,20,284,288,269,
262,234,243,256,259,400,362,476,464,656,662,768,713,1790,1577,4786,4710,5206,
5197]} 1. d4 Nf6 2. c4 g6 3. f3 d5 4. cxd5 Nxd5 5. e4 Nb6 6. Nc3 Bg7 7. Be3 Nc6
8. d5 Ne5 9. Bd4 O-O 10. f4 Ng4 {[%cal Be5g4,Bg4f6,Bf6h5][%mdl 32] D70:
Grünfeld: Unusual White 3rd moves (met by ...d5).} 11. Bxg7 Kxg7 12. Nf3 e6 {
The position is equal.} 13. Qd4+ Nf6 {[%cal Re6d5]} 14. O-O-O (14. dxe6 $142
Bxe6 15. Be2) 14... exd5 $11 15. e5 {[#]} Nh5 $146 ({Predecessor:} 15... Ng8
16. h4 Be6 17. Bd3 Nh6 18. h5 Qe7 19. hxg6 hxg6 20. Rxh6 Kxh6 21. f5 gxf5 22.
Qf4+ {1-0 (22) Jakab,A (2354)-Csaszar,G (2075) Budapest 2000}) 16. f5 {[%mdl
64] Decoy} Bxf5 (16... gxf5 $15 17. Kb1 Be6) 17. g4 $1 $14 {[%cal Rg4f5]} c5
18. Qg1 Bxg4 19. Qxg4 d4 {[#]} 20. Rg1 $1 {Threatens to win with Qxh5.} Kh8 21.
Ne4 Nd5 22. Qg5 ({Reject} 22. Nxc5 Rc8 $15) 22... Qxg5+ 23. Nfxg5 Ne3 24. Rd2
$36 {[%mdl 2048] White is pushing.} Rae8 25. Nd6 ({Of course not} 25. Nxc5 Rc8
$11) 25... Re7 26. Rf2 $1 {Hoping for Be2.} Kg7 27. Be2 {aiming for Bxh5.} f6 {
[#]} 28. Ngf7 fxe5 {Strongly threatening ...Nf4.} 29. Bxh5 e4 $2 (29... Rd7 $1
$11) 30. Bd1 $2 (30. Rf4 $18) 30... Rexf7 $4 {[%mdl 8192]} (30... Rd7 $1 $11 {
and Black has nothing to worry.}) 31. Nxf7 Rxf7 32. Rxf7+ Kxf7 33. Bc2 Nxc2 34.
Kxc2 $18 {[%mdl 4096] Endgame KR-KP} Kf6 (34... Ke6 $142 35. Rf1 Ke7) 35. Rf1+
Ke6 36. Rf8 {White is clearly winning.} h5 (36... a6 $142 37. Rh8 h5) 37. a4 {
[%cal Ba2a4,Ba4a5][%mdl 32]} g5 38. a5 Ke5 39. Rf7 e3 40. Rxb7 Ke4 41. Rxa7 {
Weighted Error Value: White=0.16/Black=0.43} 1-0

[Event "Goldmoney Asian Rapid Prelims 2021"]
[Site "Chess24"]
[Date "2021.06.24"]
[Round "10.6"]
[White "Gukesh D"]
[Black "So, Wesley"]
[Result "1/2-1/2"]
[WhiteElo "2578"]
[BlackElo "2770"]
[Annotator "TA"]
[PlyCount "62"]
[EventDate "2021.06.26"]
[EventType "tourn"]
[EventCountry "NET"]
[Tiebreak "Koya+Number of black wins+Number of wins"]
[SourceTitle "playchess.com"]
[Source "ChessBase"]
[SourceQuality "1"]

{[%evp 15,62,26,22,27,17,19,19,16,25,20,26,17,31,26,20,20,25,20,23,17,22,22,17,
18,17,13,9,9,9,9,9,12,12,16,8,0,0,0,0,0,0,0,0,0,0,0,0,0,0]} 1. d4 Nf6 2. c4 e6
3. Nf3 d5 4. Nc3 Bb4 5. Bg5 dxc4 6. e4 h6 7. Bxf6 Qxf6 8. Bxc4 c5 9. e5 {
D39: Queen's Gambit Declined: Ragozin Defence with 5 Bg5 dxc4.} Qd8 10. O-O
cxd4 11. Ne4 O-O 12. Qe2 Be7 13. Rfd1 Qa5 14. a3 {[%mdl 1024] White has
compensation.} ({Much worse is} 14. Nxd4 Qxe5 15. Nf3 Qa5 $15) (14. Rxd4 Nc6
$17) 14... Rd8 15. b4 Qb6 16. g4 Nd7 17. Rac1 $1 ({Of course not} 17. Rxd4 {[#]
} Nxe5 $1 18. Rxd8+ Qxd8 $17) 17... Qc7 {[#]The position is equal.} 18. Bxe6 $1
Qb6 19. Bf5 Nf8 {[#]} 20. Nc5 $146 ({Predecessor:} 20. Bxc8 Raxc8 21. Rxc8 Rxc8
22. Nxd4 Ng6 23. Ng3 Rd8 24. Ngf5 Bg5 25. Qe4 Bf4 26. h4 Bxe5 27. h5 Re8 28.
Kh1 Nf4 29. Re1 Qa6 30. Qf3 Qd3 31. Rxe5 Rxe5 {0-1 (31) Sokolov,I (2584)-Van
Foreest,L (2521) Amsterdam 2019}) 20... g6 {[#]} 21. Na4 $1 Qa6 22. Qxa6 bxa6
23. Bxc8 Raxc8 24. Rxc8 Rxc8 25. Rxd4 Ne6 26. Rd7 $36 {[%mdl 2048] White
fights for an advantage.} Rc1+ 27. Kg2 Nf4+ 28. Kg3 Ne2+ 29. Kg2 Nf4+ 30. Kg3
Ne2+ 31. Kg2 Nf4+ {A rather calm draw.  Weighted Error Value: White=0.01/
Black=0.01} 1/2-1/2

[Event "Goldmoney Asian Rapid Prelims 2021"]
[Site "Chess24"]
[Date "2021.06.24"]
[Round "10.8"]
[White "Vidit, Santosh Gujrathi"]
[Black "Firouzja, Alireza"]
[Result "1/2-1/2"]
[WhiteElo "2726"]
[BlackElo "2759"]
[Annotator "TA"]
[PlyCount "97"]
[EventDate "2021.06.26"]
[EventType "tourn"]
[EventCountry "NET"]
[Tiebreak "Koya+Number of black wins+Number of wins"]
[SourceTitle "playchess.com"]
[Source "ChessBase"]
[SourceQuality "1"]

{[%evp 16,97,18,5,15,18,22,10,20,0,21,24,29,13,13,0,13,10,21,8,31,-12,58,-18,
-16,-17,0,-33,-16,-37,-18,-11,-12,-11,-7,-24,-16,-25,0,0,0,0,8,-11,-5,-8,-8,
-11,-8,-13,-8,-8,-8,-8,-6,-8,-8,-8,-8,-36,-36,-43,-8,-8,0,-14,-14,-70,-8,-8,-8,
-8,-8,-8,-8,-8,-8,-8,-8,-8,-8,-8,-8,-8]} 1. d4 f5 2. g3 Nf6 3. Bg2 e6 4. Nf3 d5
5. c4 c6 6. O-O Bd6 7. b3 Qe7 8. Bb2 b6 9. Qc1 Bb7 {A90: Dutch Defence:
Miscellaneous and Modern Stonewall (with ...Bd6).} 10. Ba3 Bxa3 {was the old
line (10...Nbd7).} 11. Qxa3 Nbd7 12. Rc1 Qxa3 13. Nxa3 Ke7 {[#]} 14. e3 $146 ({
Predecessor:} 14. Nc2 Rac8 15. cxd5 cxd5 16. Nce1 Rxc1 17. Rxc1 Rc8 18. Rxc8
Bxc8 19. e3 {1/2-1/2 (19) Lechtynsky,J (2362)-Svoboda,S (2419) Czech Republic
2018}) 14... Rhc8 15. Rc2 a5 16. Rac1 Ne4 17. Nb1 a4 18. cxd5 (18. b4 {with
more complications.} dxc4 19. Rxc4 c5 20. bxc5 bxc5 21. Nfd2) 18... exd5 ({
Black should try} 18... axb3 $11 19. d6+ Nxd6 20. axb3 c5) 19. Nc3 (19. b4 $1
$14) 19... axb3 $11 20. axb3 Ra3 21. Nxe4 fxe4 22. Nd2 Rca8 23. f3 exf3 24.
Bxf3 Nf6 25. Kg2 g5 26. g4 h5 27. gxh5 g4 28. Be2 Rh8 29. Rf1 Rxh5 30. Rf4 Rg5
31. Bd3 c5 32. Rf5 Rxf5 33. Bxf5 c4 34. Kg3 b5 35. Bxg4 b4 36. bxc4 Rxe3+ 37.
Bf3 b3 38. Nxb3 dxc4 39. Nd2 {Hoping for Kf4.} c3 40. Kf2 Rd3 {[%mdl 64] [#]
Double Attack} 41. Ke2 Rxd2+ (41... Ba6 $15 42. Kd1 Re3) 42. Rxd2 {The
position is equal.} Bxf3+ 43. Kxf3 cxd2 $15 {[%mdl 4096] Endgame KN-KPP} 44.
Ke2 Ne4 45. h4 $1 Kf6 (45... Ke6 $5) 46. h5 Kg5 47. d5 Kxh5 48. d6 $1 {[%cal
Rd6d7]} Nxd6 {[#] ( -> ...Ne4)} 49. Kxd2 {Weighted Error Value: White=0.15/
Black=0.12} 1/2-1/2

[Event "Goldmoney Asian Rapid Prelims 2021"]
[Site "Chess24"]
[Date "2021.06.24"]
[Round "11.1"]
[White "Firouzja, Alireza"]
[Black "Aronian, Levon"]
[Result "0-1"]
[WhiteElo "2759"]
[BlackElo "2781"]
[Annotator "TA"]
[PlyCount "60"]
[EventDate "2021.06.26"]
[EventType "tourn"]
[EventCountry "NET"]
[Tiebreak "Koya+Number of black wins+Number of wins"]
[SourceTitle "playchess.com"]
[Source "ChessBase"]
[SourceQuality "1"]

{[%evp 10,60,-8,-2,4,-4,-4,-13,-8,-35,-15,-9,-9,-21,-26,-21,-26,-24,-10,-24,
-14,-90,-79,-95,-81,-148,-147,-153,-147,-295,-296,-287,-212,-247,107,90,104,
-278,-266,-405,-418,-425,-433,-435,-415,-433,-430,-400,-395,-424,-405,-766,271]
} 1. e4 e5 2. Nc3 Nf6 3. Bc4 Nxe4 4. Qh5 Nd6 5. Bb3 Be7 6. Qxe5 O-O {C27:
Vienna Game: 2...Nf6 3 Bc4 Nxe4.} 7. d4 Nc6 8. Qf4 Na5 {The position is equal.}
9. Bd5 Ne8 10. Bf3 Bb4 {[#]} 11. d5 $146 ({Predecessor:} 11. a3 Bxc3+ 12. bxc3
d5 13. Ne2 c6 14. O-O Nc4 15. Ng3 Qf6 16. Be2 Qxf4 17. Bxf4 {1-0 (41) Firouzja,
A (2728)-Aronian,L (2773) Chess.com INT 2020}) 11... Bxc3+ 12. bxc3 b6 13. Ne2
Ba6 14. O-O Qf6 15. Qa4 (15. Qg3 $11) 15... Nd6 $17 16. Qxd7 Rae8 17. Be3 (17.
Qg4 $142) 17... Nac4 {And now ...Ne5 would win.} 18. Bd4 Ne5 19. Qh3 (19. Bxe5
$17 {only move.} Rxe5 20. Nd4 Bxf1 21. Rxf1) 19... Nxf3+ $19 20. gxf3 Qg5+ 21.
Kh1 {Hoping for Rg1.} Qxd5 $2 {[#]} ({Weaker is} 21... Bxe2 22. Rg1 $17) (21...
f6 $19 22. Rg1 Bc8 $1 23. Rxg5 Bxh3) 22. Rg1 $1 $16 f6 {[#]} (22... g6 23. Nf4)
23. Nf4 {[%mdl 8192] [#]} (23. Rxg7+ $1 $16 {[%mdl 512]} Kxg7 24. Rg1+ Kh8 25.
Nf4) 23... Qf5 $1 $19 {[%cal Rf5f4]} ({And not} 23... Qf7 24. Nh5 $14) 24. Qh6
(24. Qg3 {is a better defense.} Rf7 25. Rge1) 24... Rf7 25. Rg3 {intending Nh5.
} Qxc2 26. Nh5 {[%cal Rg3g7]} Nf5 {[%csl LRg3,LRh6][%mdl 64] Double Attack} 27.
Nxf6+ {[#]} Rxf6 $1 {[%mdl 512]} 28. Rxg7+ Nxg7 29. Qxf6 {[%csl Gd4][%cal
Rf6g7]} Qg6 30. Rg1 {[#]} (30. Qxg6 $142 hxg6 31. Kg2) 30... Qxg1+ $1 {[%mdl
32768] Weighted Error Value: White=0.61/Black=0.38. Loss on time!?} ({Stronger
than} 30... Qxf6 31. Bxf6 Kf7 32. Bxg7 $15) 0-1

[Event "Goldmoney Asian Rapid Prelims 2021"]
[Site "Chess24"]
[Date "2021.06.24"]
[Round "11.2"]
[White "Hou, Yifan"]
[Black "Vidit, Santosh Gujrathi"]
[Result "0-1"]
[WhiteElo "2658"]
[BlackElo "2726"]
[Annotator "TA"]
[PlyCount "110"]
[EventDate "2021.06.26"]
[EventType "tourn"]
[EventCountry "NET"]
[Tiebreak "Koya+Number of black wins+Number of wins"]
[SourceTitle "playchess.com"]
[Source "ChessBase"]
[SourceQuality "1"]

{[%evp 22,110,33,3,8,0,27,6,20,13,10,0,0,-22,-13,-16,-29,-41,-15,-12,-10,-10,
-25,-29,-15,-81,-68,-68,-88,-68,-32,-43,-54,-208,-202,-195,-200,-197,-203,-247,
-232,-281,-211,-322,-288,-312,-296,-323,-289,-464,-439,-466,-450,-480,-475,
-479,-470,-450,-376,-386,-386,-384,-391,-979,-979,-974,-963,-955,-896,-1228,
-1122,-1026,0,-2210,-2191,-2189,-2189,-2009,-2026,-2028,-1785,-1600,-1512,
-29976,-29977,-29977,-5185,-29989,-29990,-29990,-29991]} 1. e4 c5 2. Nf3 e6 3.
d4 cxd4 4. Nxd4 Nf6 5. Nc3 Nc6 6. Ndb5 d6 7. Bf4 e5 8. Bg5 a6 9. Na3 b5 {
[%cal Bb7b5,Bb5b4][%mdl 32]} 10. Nd5 Be7 11. Bxf6 {11.c3 is the hot move.} Bxf6
12. c4 b4 {B33: Sicilian: Pelikan and Sveshnikov Variations.} 13. Nc2 O-O 14.
Be2 a5 {The position is equal.} 15. O-O Bg5 16. Bg4 Be6 17. h3 g6 18. Bxe6 fxe6
19. Nde3 {[#]} Kg7 $146 ({Predecessor:} 19... Qc7 20. Qd3 Nd8 21. a3 Bxe3 22.
Nxe3 bxa3 23. Qxa3 Rb8 24. Qxa5 Qxa5 25. Rxa5 Rxb2 26. Rb5 Rxb5 27. cxb5 {
1/2-1/2 (33) Alvarez Abejon,A (2084)-Cabanas Jimenez,A (2174) Madrid 2010}) 20.
Qd3 Rb8 21. Rad1 Be7 22. c5 dxc5 23. Qb3 (23. Qd7 $11 {keeps the balance.} Qc8
24. Qxc8 Rfxc8 25. Rd7) 23... Qc8 $17 24. Nc4 Qa6 25. Rd7 {next Nxe5! is good
for White.} Rbd8 26. Nxe5 c4 27. Qe3 {Black continues to play with
concentration.} ({Better is} 27. Qg3 $1 $15 Rxd7 28. Nxd7) 27... Rxd7 $19 28.
Nxd7 Rd8 29. Nc5 {[#]} Qc8 30. Na4 Qc7 31. Qe2 Ne5 32. Rd1 (32. Ne3 {is a
better defense.}) 32... Nd3 33. Ne3 Bh4 34. Rf1 Qc6 35. Qg4 $2 (35. g3 Qxa4 36.
gxh4 Qxa2 37. Qc2) 35... Bf6 36. b3 c3 37. Qe2 Qxe4 {[#] Hoping for ...Bd4.}
38. Nb6 Bh4 {White must now prevent ...Rf8.} 39. Nbc4 a4 40. g3 {intending f3.}
Bg5 41. h4 Bxe3 42. fxe3 (42. Qxe3 Qxe3 43. Nxe3) 42... Rd5 43. Kh2 Ne5 {
Strongly threatening ...axb3.} 44. Rf4 Qb1 45. e4 Rd1 46. Qf2 g5 $2 47. Qa7+ $2
{[%mdl 8192]} (47. Nxe5 $11 Rh1+ 48. Kg2 gxf4 49. Qa7+ {[%mdl 64] Double Attack
} Kh6 50. Ng4+ Kg6 51. Ne5+ Kh6 52. Ng4+ Kg6 53. Ne5+ Kh6) 47... Rd7 48. Qc5
Qc2+ 49. Kh3 g4+ 50. Rxg4+ Nxg4 51. Qg5+ Kf8 {( -> ...Nf2+)} 52. Qf4+ Rf7 53.
Qxg4 Qd3 (53... Qb1 $142 54. Qxe6 Qf1+ 55. Kg4 Qf3+ 56. Kh3 Qf1+ 57. Kg4 c2 58.
Qc8+ Kg7 59. Nd6 c1=Q 60. Qxc1 h5+ 61. Kxh5 Qxc1 62. Nf5+ Kh7 63. Kg4 Qd1+ 64.
Kg5 Qd2+ 65. Kg4 Qxa2 66. Kf4 axb3 67. g4 b2 68. g5 b1=Q 69. g6+ Kxg6 70. Ke5
Qc1 71. h5+ Kxh5 72. Ng7+ Rxg7 73. Kf6 Qg5#) 54. Qg5 Qf1+ 55. Kg4 Rg7 {
Weighted Error Value: White=0.73/Black=0.31} 0-1

[Event "Goldmoney Asian Rapid Prelims 2021"]
[Site "Chess24"]
[Date "2021.06.24"]
[Round "11.3"]
[White "So, Wesley"]
[Black "Erigaisi Arjun"]
[Result "1/2-1/2"]
[WhiteElo "2770"]
[BlackElo "2567"]
[Annotator "ChessBase"]
[PlyCount "21"]
[EventDate "2021.06.26"]
[EventType "tourn"]
[EventCountry "NET"]
[Tiebreak "Koya+Number of black wins+Number of wins"]
[SourceTitle "playchess.com"]
[Source "ChessBase"]
[SourceQuality "1"]
[TimeControl "900+10"]

1. e4 {[%emt 0:00:00]} e5 {[%emt 0:00:00]} 2. Nf3 {[%emt 0:00:02]} Nf6 {
[%emt 0:00:02]} 3. d4 {[%emt 0:00:01]} Nxe4 {[%emt 0:00:03]} 4. Bd3 {[%emt 0:
00:01]} d5 {[%emt 0:00:02]} 5. Nxe5 {[%emt 0:00:00]} Nd7 {[%emt 0:00:02]} 6.
Nxf7 {[%emt 0:00:01]} Kxf7 {[%emt 0:00:03]} 7. Qh5+ {[%emt 0:00:00]} Ke7 {
[%emt 0:00:02]} 8. Qe2 {[%emt 0:00:01]} Kf7 {[%emt 0:00:03]} 9. Qh5+ {[%emt 0:
00:01]} Ke7 {[%emt 0:00:01]} 10. Qe2 {[%emt 0:00:00]} Kf7 {[%emt 0:00:01]} 11.
Qh5+ {[%emt 0:00:01]} 1/2-1/2